书目信息 |
| 题名: |
秘书文案工作实务
|
|
| 作者: | 张建勤 编著 | |
| 分册: | ||
| 出版信息: | 南京 南京大学出版社 2001 |
|
| 页数: | 550页 | |
| 开本: | 20cm | |
| 丛书名: | ||
| 单 册: | ||
| 中图分类: | C931.46 | |
| 科图分类: | ||
| 主题词: | 公民--写作--基本知识 , 管理--方法 | |
| 电子资源: | ||
| ISBN: | 7-305-03503-3 | |
| 000 | 00600nam0 2200205 45 | |
| 001 | 0310251842 | |
| 005 | 20031219104120.6 | |
| 010 | @a7-305-03503-3@dCNY25.00 | |
| 100 | @a20031025d2001 km y0chiy0120 ea | |
| 101 | 0 | @achi |
| 105 | @a z 000yy | |
| 200 | 1 | @a秘书文案工作实务@AMi Shu Wen An Gong Zuo Shi Wu@f张建勤编著@FZhang Jian Qin Bian Zhu |
| 210 | @a南京@c南京大学出版社@d2001 | |
| 215 | @a550页@d20cm | |
| 606 | 0 | @a公民@x写作@x基本知识 |
| 606 | 0 | @a管理@x方法 |
| 690 | @aC931.46@v4 | |
| 701 | @a张建勤@4编著 | |
| 801 | @aCN@bTSTC@c20031027 | |
| 905 | @a213230@b327208-211@dC931.46@e126@f4 | |
| 秘书文案工作实务/张建勤编著.-南京:南京大学出版社,2001 |
| 550页;20cm |
| ISBN 7-305-03503-3:CNY25.00 |
| ● |
| 相关链接 |
|
|
|
|
正题名:秘书文案工作实务
索取号:C931.46/126
 
预约/预借
| 序号 | 登录号 | 条形码 | 馆藏地/架位号 | 状态 | 备注 |
| 1 | 0327208 | 203272083 | 第一借阅区/ [索取号:C931.46/126] | 在馆 | |
| 2 | 0327209 | 203272092 | 第一借阅区/ [索取号:C931.46/126] | 在馆 | |
| 3 | 0327210 | 203272109 | 教育系资料室/ [索取号:C931.46/126] | 在馆 | |
| 4 | 0327211 | 203272118 | 第一样本阅览室/ [索取号:C931.46/126] | 在馆 | |
| 5 | 0336596 | 203365964 | 教育系资料室/ [索取号:C931.46/126] | 在馆 |